| 000 | 00368nam a22001577a 4500 | ||
|---|---|---|---|
| 003 | OSt | ||
| 005 | 20251215141538.0 | ||
| 008 | 251215b |||||||| |||| 00| 0 eng d | ||
| 020 | _a978-81-203-0484-0 | ||
| 040 | _cIIMT UNIVERSITY | ||
| 100 | _aLUCK, DAVID.J | ||
| 245 | _aMARKETING RESEARCH | ||
| 260 |
_aNEW DELHI _bP.H.I. _c2008 |
||
| 300 | _a683 | ||
| 942 |
_2ddc _c01 |
||
| 999 |
_c66854 _d66854 |
||